000 00396nam a22001697a 4500
005 20160629164101.0
008 160629b xxu||||| |||| 00| 0 eng d
020 _a978-93-5014-305-6
041 _aeng
082 _b12820
100 _aSingh, Surjeet
_93159
245 _aElectrical Engineering
260 _bKatson
_c2012
300 _a208
650 _aDiploma Engineering
_9817
942 _cBK
999 _c4745
_d4743